000 00506nam a2200181Ia 4500
999 _c13752
_d13752
003 OSt
005 20201021093748.0
008 190216s9999||||xx |||||||||||||| ||und||
020 _a8172240961
040 _coclc
082 _a294.3
_bFRA/J
100 _aFrancis, ED
_95993
245 0 _aJataka Tales /
_cED Francis ; Thomas
260 _bJaico Publishing House ,
_c1992.
_aNew Delhi:
300 _a313p
650 _aEnglish Novel
942 _cBK
_2ddc
_h294.3
_iFRA/J
_k294.3
_mFRA/J